LEADER 02096nam a2200421 4500 001 000000359281 003 CaOOAMICUS 005 20240807142659.0 008 240807s1723 it a 000 u ita r 026 $eo.5. i,zi tai. AlQu (3) 1723 (R) 040 $aSeMil$bita 100 01$aHomerus,$d.$0(OLS)http://semarc/name/1139 240 10$aOdyssea.$0(OLS)http://semarc/title/2121 245 10$aOdissea d'Omero tradotta dall'original greco in versi sciolti. 246 0 $iTitolo in occhietto$aOdissea Batracomiomachia e Inni d'Omero 264 1$aIn Firenze :$bPer Gio. Gaetano Tartini, e Santi Franchi,$c1723. 300 $a[8], 667, [1] p. ;$c8° 500 $aSegn.: ?? A-2S? 2T? 500 $aIniziali e fregi xiligr. 500 $aNome del traduttore a p. 666 500 $aRitr. calcogr. di Fulvio Orsini sul front. 500 $aLa Batracomiomachia inizia a a carta 2K2r.; Inni d'Omero iniziano a carta 2L2r. 501 $aBatracomiomachia 501 $aInni d'Omero 650 4$aOmero . Iliade - Traduzioni.$0(OLS)http://semarc/subject/832 650 4$aOmero . Odissea.$0(OLS)http://semarc/subject/3335 700 1 $aOrsini, Fulvio,$d<1529-1600>.$0(OLS)http://semarc/name/11625 700 1 $aSalvini, Antonio Maria,$d<1653-1729>.$0(OLS)http://semarc/name/2855 700 1 $aBiscioni, Antonio Maria.$0(OLS)http://semarc/name/2856 700 1 $aTartini, Giovanni Gaetano & Franchi, Santi,$c.$0(OLS)http://semarc/name/8052 730 02$aBatrachomyomachia.$0(OLS)http://semarc/title/287060 730 02$aHymni Homerici.$0(OLS)http://semarc/title/429390 850 $aSeMil 852 $aSeMil$W1$xVenegono$y1$m1M IV 28 FA$j250197$B250362$CSeMilBibl$Z2$F250362 $8I 996 $6246$aOdissea Batracomiomachia e Inni d'Omero$9(OLS)http://semarc/title/449736 996 $6245$aOdissea d'Omero tradotta dall'original greco in versi sciolti$9(OLS)http://semarc/title/449735 996 $6264$aIn Firenze :$bPer Gio. Gaetano Tartini, e Santi Franchi$9(OLS)http://semarc/publisher/61880 LEADER 00790nam a2200181 i 4500 001 000000222308 003 CaOOAMICUS 005 20131004000000.0 008 131004s1785 it u000 u fre u 013 $a201205 026 $a8.T. u.t, asie chli (3) 1785 (A) 040 $aSeMil$bita 245 10$a[Lettres de M. de Voltaire et de M. d'Alembert. 1773-1778. Tome 3.]. 300 $a[4], 372 p. 773 0 $aVoltaire <1694-1778>$tOeuvres completes de Voltaire. Tome 1. [-92.].$d[Kehl] : De l'Imprimerie de la Société Littéraire-typographique, 1785-1789.$g91$w()4088 850 $aSeMil 852 $aSeMil$W1$xVenegono$y1$m2Q IV 166 FA$j172654$B172654$CSeMilBibl$Z2$F183842 $8I 996 $6245$a[Lettres de M. de Voltaire et de M. d'Alembert. 1773-1778. Tome 3.]$9(OLS)http://semarc/title/318626